|
|
|
|
| LEADER |
00000cam a2200000 c 4500 |
| 001 |
021171491 |
| 003 |
DE-627 |
| 005 |
20240328191817.0 |
| 007 |
tu |
| 008 |
920814s1972 gw ||||| 00| ||ger c |
| 015 |
|
|
|a 73,A32,0631
|2 dnb
|
| 020 |
|
|
|a 3504649003
|9 3-504-64900-3
|
| 035 |
|
|
|a (DE-627)021171491
|
| 035 |
|
|
|a (DE-576)04267753X
|
| 035 |
|
|
|a (DE-599)GBV021171491
|
| 035 |
|
|
|a (OCoLC)17344131
|
| 035 |
|
|
|a (OCoLC)312086602
|
| 035 |
|
|
|a (OCoLC)264146402
|
| 035 |
|
|
|a (OCoLC)1050543211
|
| 040 |
|
|
|a DE-627
|b ger
|c DE-627
|e rakwb
|
| 041 |
|
|
|a ger
|
| 044 |
|
|
|c XA-DE
|
| 050 |
|
0 |
|a DA787.A2
|
| 084 |
|
|
|a 14a
|a 04a
|2 sdnb
|
| 084 |
|
|
|a PW 9180
|2 rvk
|0 (DE-625)rvk/140989:
|
| 084 |
|
|
|a 86.10
|2 bkl
|
| 084 |
|
|
|a 86.09
|2 bkl
|
| 100 |
1 |
|
|a Middendorff, Wolf
|d 1916-1999
|0 (DE-588)118811673
|0 (DE-627)07958585X
|0 (DE-576)16223368X
|4 aut
|
| 109 |
|
|
|a Middendorff, Wolf 1916-1999
|a Middendorf, Wolf 1916-1999
|a Middendorff, Wolfgang 1916-1999
|
| 245 |
1 |
4 |
|a Der Prozeß gegen Maria Stuart
|b eine historisch-kriminologische Studie ; [Vortrag]
|c von Wolf Middendorff
|
| 264 |
|
1 |
|a Köln
|a Hamburg
|b Schmidt
|c 1972
|
| 300 |
|
|
|a 35 S
|c 21 cm
|
| 336 |
|
|
|a Text
|b txt
|2 rdacontent
|
| 337 |
|
|
|a ohne Hilfsmittel zu benutzen
|b n
|2 rdamedia
|
| 338 |
|
|
|a Band
|b nc
|2 rdacarrier
|
| 490 |
1 |
|
|a Veröffentlichungen der Gesellschaft Hamburger Juristen
|v 10
|
| 583 |
1 |
|
|a Archivierung prüfen
|c 20240324
|f DE-4165
|z 3
|2 pdager
|
| 650 |
|
4 |
|a Hochverratsprozess / Geschichte
|
| 653 |
|
0 |
|a Mary
|a Queen of Scots
|a 1542-1587
|a Trials, litigation, etc
|
| 689 |
0 |
0 |
|d p
|0 (DE-588)118577808
|0 (DE-627)079372554
|0 (DE-576)209024798
|a Maria
|c Schottland, Königin
|d 1542-1587
|2 gnd
|
| 689 |
0 |
1 |
|d s
|0 (DE-588)4047577-3
|0 (DE-627)106194216
|0 (DE-576)209073985
|a Prozess
|2 gnd
|
| 689 |
0 |
2 |
|d s
|0 (DE-588)1041355866
|0 (DE-627)767033914
|0 (DE-576)393050343
|a Studie
|2 gnd
|
| 689 |
0 |
|
|5 (DE-627)
|
| 810 |
2 |
|
|a Gesellschaft Hamburger Juristen
|t Veröffentlichungen der Gesellschaft Hamburger Juristen
|v 10
|9 10
|w (DE-627)130200409
|w (DE-576)002194570
|w (DE-600)531925-0
|7 am
|
| 889 |
|
|
|w (DE-627)333833791
|
| 935 |
|
|
|i Blocktest
|
| 936 |
r |
v |
|a PW 9180
|b England / Britische Inseln
|k Rechtswissenschaft
|k Deutsche und ausländische Rechtsgeschichte
|k Europäische Rechtsgeschichte
|k England / Britische Inseln
|0 (DE-627)127070642X
|0 (DE-625)rvk/140989:
|0 (DE-576)20070642X
|
| 936 |
b |
k |
|a 86.10
|j Recht einzelner Länder, Gebiete und Völker
|0 (DE-627)106422499
|
| 936 |
b |
k |
|a 86.09
|j Rechtsgeschichte
|0 (DE-627)106413481
|
| 951 |
|
|
|a BO
|
| ELC |
|
|
|b 1
|
| LOK |
|
|
|0 000 xxxxxcx a22 zn 4500
|
| LOK |
|
|
|0 001 3282021836
|
| LOK |
|
|
|0 003 DE-627
|
| LOK |
|
|
|0 004 021171491
|
| LOK |
|
|
|0 005 20140604114839
|
| LOK |
|
|
|0 008 140604||||||||||||||||ger|||||||
|
| LOK |
|
|
|0 040
|a DE-21-110
|c DE-627
|d DE-21-110
|
| LOK |
|
|
|0 689
|a p
|a Stuart, Maria
|
| LOK |
|
|
|0 689
|a s
|a Strafprozess
|
| LOK |
|
|
|0 852
|z Kein Bestand am IfK; Nachweis für KrimDok
|
| LOK |
|
|
|0 852
|a DE-21-110
|
| LOK |
|
|
|0 852 1
|m v
|9 00
|
| LOK |
|
|
|0 935
|a k110
|
| LOK |
|
|
|0 938
|k v
|
| LOK |
|
|
|0 939
|a 04-06-14
|b l01
|
| ORI |
|
|
|a SA-MARC-krimdoka001.raw
|